Architektura ve věku rozdělené reprezentace : Problém tvořivosti ve stínu produkce

Gespeichert in:
Bibliographische Detailangaben
1. Verfasser: Veselý, Dalibor (Verfasst von)
Weitere Verfasser: Kratochvíl, Petr (Übersetzung)
Format: Buch
Sprache:Tschechisch
Veröffentlicht: Praha : Academia, 2008
Schlagworte:
Tags: Tag hinzufügen
Keine Tags, Fügen Sie das erste Tag hinzu!

MARC

LEADER 00000nam a22000003a 4500
001 stu204187
005 20150617230052.6
008 100524s2008------------------------cze-d
020 |a 978-80-200-1647-8 
040 |a STU  |b slo 
041 0 |a cze 
100 1 |a Veselý, Dalibor  |4 aut 
245 1 |a Architektura ve věku rozdělené reprezentace :  |b Problém tvořivosti ve stínu produkce 
260 |a Praha :  |b Academia,  |c 2008 
300 |a 348 s 
650 7 |a teória architektúry  |2 stusub 
650 7 |a estetika  |2 stusub 
650 7 |a architektúra-teória  |2 stusub 
700 1 |a Kratochvíl, Petr  |4 trl 
996 |b 284AU04480  |c A*6986 U  |l AAKNST  |s P  |a 0  |w stu204187_0001 
996 |b 284AU04562  |c A*7100  |l AA3130  |s P  |a 0  |w stu204187_0002 
996 |b 284AU04481  |c A*6987 U  |l AAKNAR  |s A  |a 24  |w stu204187_0003 
996 |b 284AU09525  |c A* 12880/U  |l AAKNAR  |s A  |a 24  |w stu204187_0004